Quasiconvex optimization and location theory

Αποθηκεύτηκε σε:
Λεπτομέρειες βιβλιογραφικής εγγραφής
Κύριος συγγραφέας: Santos Gromicho, Joaquim Antonio dos
Μορφή: Βιβλίο
Γλώσσα:English
Δημοσίευση: Dordrecht ; Boston : Kluwer Academic, c1998
Σειρά:Applied optimization ; ; 9
Θέματα:
Ετικέτες: Προσθήκη ετικέτας
Δεν υπάρχουν, Καταχωρήστε ετικέτα πρώτοι!

MARC

LEADER 00000nam a2200000 i 4500
001 1/69156
008 990208s1998 eng d
020 |a 0-7923-4694-7 
035 |l 10047775 
040 |a GR-MY-UA  |b gre  |e aacr 
041 0 |a eng 
082 0 |a 519.76 
100 1 |a Santos Gromicho, Joaquim Antonio dos. 
245 1 0 |a Quasiconvex optimization and location theory /  |c by Jaoquim Antonio dos Santos Gromicho 
260 |a Dordrecht ; Boston :   |b Kluwer Academic,   |c c1998 
300 |a xxi, 218 p.;  |c 25 cm. 
490 1 |a Applied optimization  |v ; 9 
500 |a Includes bibliography and index 
650 0 0 |a Convex functions. 
650 0 0 |a Mathematical optimization. 
830 0 |a Applied optimization ;  |v ; 9 
852 |a INST  |b SAMOS  |e 19990208  |h 519.76 SAN  |p 005300013517  |q 005300013517  |t BK  |y 0 
852 |a INST  |b SAMOS  |e 20000321  |h 519.76 SAN  |p 005300016182  |q 005300016182  |t BK  |y 0 
901 |a BIBL-1999-1 
901 |a BIBL3-2000-1 
909 |a Σ  |b 060618 
909 |a Σ  |b 067572 
922 |a 3ΕΛΗ  |b 199901  |c ΕΠΕΑΕΚ/ΜΑΘ  |d LEADER 
922 |a 3ΕΛΗ  |b 199911  |c ΕΠΕΑΕΚ/ΜΑΘ  |d ΠΑΠΑΣΩΤΗΡΙΟΥ